Statistiken für Top 10 der regenreichsten Länder

Klicken Sie hier um das Quiz zu spielen!

Allgemein

  • Dieses Quiz wurde 205 mal gespielt
  • Das Durchschnittsergebnis liegt bei 6 aus 10

Antwortstatistiken

mm/JahrKontinentLand% Korrekt
3.240SüdamerikaKolumbien
88%
2.702AsienIndonesien
74%
3.142OzeanienPapua-Neuguinea
69%
2.926NordamerikaCosta Rica
66%
2.928NordamerikaPanama
66%
2.875AsienMalaysia
61%
3.028OzeanienSalomonen
54%
2.880OzeanienSamoa
53%
2.722AsienBrunei
44%
3.200AfrikaSão Tomé und
Príncipe
22%

Verteilung der Resultate

Perzentil nach korrekt beantworteten Fragen

Anzahl Personen mit jedem Resultat

Ihre Resultats-Entwicklung

Sie haben dieses Quiz noch nicht gespielt